000 01505ngm a22003250a 4500
001 PT16675
003 AR-LpoUNG
005 20210202000221.0
007 vd cvaizq
008 191001s1942||||ag |||||||||||||||||rus d
037 _c$6.63
040 _aAR-LpoUNG
_bspa
_cAR-LpoUNG
_eaacr
041 _arus
_aspa
044 _aag
082 0 _a947.043 36iva
100 1 _aEisenstein, Sergei
_edir.
245 1 0 _aIvan el terrible = Ivan Grozny
260 _aBuenos Aires :
_bMemories,
_c1942.
300 _aVHS (95 min.) : son., byn
505 0 _aFotografía: Edouard Tissé, Andrei Moskvin ; música: Serguei Prokofiev.
520 _aHijo de Basilio III, Iván el Terrible quedó huérfano a los tres años. A los trece se deshizo de los boyardos y se rodeó de un grupo de fieles que le ayudaron a imponer su autoridad. En 1547 se hizo coronar zar de Rusia. Su gobierno conoce dos periodos bien distintos. En el primero emprende una reorganización del Estado y del ejército, anexionando mediante la guerra importantes territorios. Tomó Kazán y Astracán, con lo que dominaba todo el Volga, y emprendió las conquistas de Crimea y Livonia. Introdujo la imprenta y fomentó las artes y las letras. Un segundo periodo, a partir de 1560, se caracterizó por su gobierno autocrático y dictatorial.
650 4 _aASPECTOS POLITICOS
650 4 _aGOBIERNO
650 4 _aHISTORIA SOCIAL
650 4 _aRUSIA
650 4 _aSOBERANIA
653 _aVIDEOS
905 _a16675
942 _cVIDEO
999 _c54369
_d54369